Traduction de Vocabulaire en Italien aléatoire - Statistiques

Statistiques générales
  • Ce quiz a été pris 7 340 fois
  • Le résultat moyen est 12 sur 30
Statistiques - réponses
Hint Réponse % Correct
non no
100%
mère madre
95%
mon mio
95%
oui si
94%
maison casa
92%
merci grazie
92%
salut ciao
91%
vert verde
91%
amour amore
90%
père padre
90%
parler parlare
90%
soeur sorella
90%
homme uomo
90%
mer mare
89%
moment momento
89%
être essere
88%
famille famiglia
88%
main mano
88%
heure ora
88%
avoir avere
87%
beau bello
87%
bouche bocca
87%
frère fratello
86%
chat gatto
86%
ma mia
86%
maison casa
85%
ville città
85%
musique musica
85%
blanc bianco
84%
monde mondo
84%
plus più
84%
rouge rosso
84%
année anno
83%
noir nero
83%
petit piccolo
83%
ami amico
82%
finir finire
82%
langue lingua
82%
pourquoi perchè
82%
bonjour buongiorno
81%
froid freddo
81%
s'il vous plait per favore
81%
porte porta
81%
école scuola
81%
chien cane
80%
fils figlio
80%
musée museo
80%
premier primo
80%
soir sera
80%
aller andare
79%
chose cosa
79%
doux dolce
79%
guerre guerra
79%
neuf, nouveau nuovo
79%
soleil sole
79%
aussi anche
78%
bleu blu
78%
dire dire
78%
comment come
77%
travail lavoro
77%
beaucoup molto
77%
nuit notte
77%
trouver trovare
77%
enfants bambini
76%
livre libro
76%
notre nostro
76%
madame signora
76%
trop troppo
76%
fleur fiore
75%
étudier studiare
75%
tout tutto
75%
vie vita
75%
femme donna
74%
prénom nome
74%
penser pensare
74%
ici qui
74%
semaine settimana
74%
mettre mettere
73%
tomate pomodoro
73%
possible possibile
73%
tête testa
73%
vrai vero
73%
eau acqua
72%
banque banca
72%
lit letto
72%
peu poco
72%
histoire storia
72%
force forza
71%
poisson pesce
71%
point punto
71%
ce, ça, cela, celui-ci questo
71%
étoile stella
71%
acheter comprare
70%
jour giorno
70%
regarder guardare
70%
moderne moderno
70%
savoir sapere
70%
société società
70%
seul, seulement solo
70%
aéroport aeroporto
69%
droite destra
69%
nez naso
69%
peur paura
69%
univers universo
69%
acteur attore
68%
monsieur signore
68%
sa sua
68%
cœur cuore
67%
encore ancora
66%
été estate
66%
voix voce
66%
chapeau cappello
65%
fenêtre finestra
65%
poulet pollo
65%
gauche sinistra
65%
température temperatura
65%
sortir uscire
65%
sucre zucchero
65%
cuisine cucina
64%
lumière luce
64%
voir vedere
64%
bibliothèque biblioteca
63%
cheval cavallo
63%
sûr, bien sûr, certes, certain certo
63%
croire credere
63%
jaune giallo
63%
lLeur, leurs, eux loro
63%
pays paese
63%
printemps primavera
63%
juste giusto
62%
goût gusto
62%
vouloir volere
62%
autre altro
61%
appartement appartamento
61%
appeler chiamare
61%
nom cognome
61%
après dopo
61%
jeu gioco
61%
grand, gros, adulte grande
61%
gris grigio
61%
hiver inverno
61%
loin lontano
61%
marron marrone
61%
Noël Natale
61%
fatigué stanco
61%
douche doccia
60%
combien, à quel point quanto
60%
dernier ultimo
60%
devant davanti
59%
mois mese
59%
Romains (les) Romani
59%
vieux vecchio
59%
arbre albero
58%
ouvrir aprire
58%
connaitre conoscere
58%
marché mercato
58%
personne (il n'y a) nessuno
58%
pouvoir potere
58%
deuxième secondo
58%
surprise sorpresa
58%
équipe squadra
58%
rue strada
58%
fois (une) volta
58%
chanson canzone
57%
fourchette forchetta
57%
oeil occhio
57%
silence silenzio
57%
victoire vittoria
57%
attendre aspettare
56%
centre commercial centro commerciale
56%
sortie uscita
56%
chant canto
55%
donner dare
55%
jardin giardino
55%
proche, voisin vicino
55%
cher caro
54%
directeur direttore
54%
timide timido
54%
clé chiave
53%
jeune giovane
53%
salade insalata
53%
quelque qualche
53%
sentir sentire
53%
son suo
53%
billet biglietto
52%
loup lupo
52%
orchestre orchestra
52%
dangereux pericoloso
52%
plaisir piacere
52%
danse danza
51%
mieux meglio
51%
pauvre povero
51%
recette ricetta
51%
curieuse curiosa
50%
four forno
50%
feu fuoco
50%
jupe gonna
49%
neige neve
49%
pied piede
49%
chaussures scarpe
49%
siècle secolo
49%
très, beaucoup, tellement, tant de tanto
49%
derrière dietro
48%
chaque ogni
48%
table tavolo
48%
malade malato
47%
ski sci
47%
spectateur spettatore
47%
chef capo
46%
partie parte
46%
valise valigia
46%
gagner vincere
46%
personne, quelqu'un, monde, les gens gente
45%
joueur giocatore
45%
enseigner insegnare
45%
paiement pagamento
45%
mot parola
45%
escaliers scale
45%
s'habiller vestirsi
45%
mythologie mitologia
44%
stylo penna
44%
raison ragione
44%
savon sapone
44%
papillon farfalla
43%
même stesso
43%
vue vista
43%
avion aereo
42%
feuilles foglie
42%
sauver salvare
42%
vers verso
42%
chaleur calore
41%
croix croce
41%
veste giacca
41%
produit prodotto
41%
plein pieno
40%
spectacle spettacolo
40%
vitesse velocità
40%
devoir dovere
39%
héroïque eroico
39%
laine lana
39%
peau pelle
39%
celui-là, cet, cela quello
39%
découverte scoperta
39%
légumes verdure
39%
championnat campionato
38%
objectif obiettivo
38%
choisir scegliere
38%
rester stare
38%
cochon maiale
37%
recherche ricerca
37%
tristesse tristezza
37%
canapé divano
36%
suivre seguire
36%
ail aglio
34%
en colère arrabbiato
34%
demander chiedere
34%
facture fattura
34%
bonheur felicità
34%
gymnastique ginnastica
34%
dessous sotto
34%
souris topo
34%
coq gallo
33%
demi, moitié mezzo
33%
propre pulito
33%
architecture architettura
32%
dessin disegno
32%
exercice esercizio
32%
vache mucca
32%
quel, lequel, dont, tel que quale
32%
écharpe sciarpa
32%
pièce (de maison) stanza
32%
chemise camicia
31%
guitare chitarra
31%
homicide omicidio
31%
piano (instrument) pianoforte
31%
se souvenir ricordare
31%
coton cotone
30%
déesse dea
30%
médiéval medievale
30%
parking parcheggio
30%
danger pericolo
30%
voler rubare
30%
serré stretto
30%
violon violino
30%
annulé annullato
29%
frigo frigorifero
29%
réveil sveglia
29%
rendez-vous appuntamento
28%
devenir diventare
28%
pull maglione
28%
précisément, Vraiment, Propre proprio
28%
autorisé autorizzato
27%
espoir speranza
27%
amer amaro
26%
abeille ape
26%
air aria
26%
manteau cappotto
26%
foncé scuro
26%
bureau ufficio
26%
à bord a bordo
25%
jusqu'à fino
25%
fauteuil poltrona
25%
sandales sandali
25%
sécurité sicurezza
25%
lunettes de soleil occhiali da sole
24%
pluie pioggia
24%
s’entraîner allenarsi
23%
bague anello
23%
automne autunno
23%
lapin coniglio
23%
en bas in basso
23%
sale sporco
23%
loyer affitto
22%
orange arancione
22%
avoir besoin bisognare
22%
carré quadrato
22%
guêpe vespa
22%
ajuster aggiustare
21%
ennuyé annoiato
21%
cuisinier cuoco
21%
façon modo
21%
montre (une) orologio
21%
gymnase palestra
21%
coiffeur parrucchiere
21%
peinture pittura
21%
sentir mauvais puzzare
21%
honteux vergognoso
21%
musiciens musicisti
20%
haine odio
20%
écran schermo
20%
enlever togliere
20%
âne asino
19%
éponge spugna
19%
tapis tappeto
19%
canard anatra
18%
infirmière infermiera
18%
handball pallamano
18%
pyjama pigiama
18%
bagage bagaglio
17%
chevalier cavaliere
17%
dinosaures dinosauri
17%
mouchoir fazzoletto
17%
hors de fuori di
17%
poussin pulcino
17%
entraînement allenamento
16%
suffire bastare
16%
croyance credenza
16%
en haut in alto
16%
persil prezzemolo
16%
retardé ritardato
16%
réunion riunione
16%
bottes stivali
16%
spacieuse spaziosa
15%
cercle cerchio
15%
autour intorno
15%
plus grand, supérieur, majeur, ainé, principal maggiore
15%
épicé piccante
15%
soie seta
15%
salaire stipendio
15%
vacances scolaires vacanze scolastiche
15%
vendeur venditore
15%
sombre buio
14%
couloir corridoio
14%
champignon fungo
14%
crayon matita
14%
fier orgoglioso
14%
perroquet pappagallo
14%
départ partenza
14%
impôt tassa
14%
bijoux gioielli
13%
lave-linge lavatrice
13%
mélancolie malinconia
13%
malheur sfortuna
13%
surveillance sorveglianza
13%
caissier cassiere
12%
flûte flauto
12%
marchandise merce
12%
paon pavone
12%
gardien de but portiere
12%
renard volpe
12%
entreprise azienda
11%
électricien elettricista
11%
embarrassé imbarazzato
11%
boulanger panettiere
11%
salon soggiorno
11%
effrayant spaventoso
11%
espion spia
11%
enchanté incantato
10%
drap lenzuolo
10%
natation nuoto
10%
inquiet preoccupato
10%
remboursement rimborso
10%
écureuil scoiattolo
10%
balai scopa
10%
tonnerre tuono
10%
rayé a righe
9%
serviette asciugamano
9%
chaussettes calzini
9%
catastrophe disastro
9%
employé impiegato
9%
en face in fronte
9%
hypermarché ipermercato
9%
là-bas laggiù
9%
croissant mezzaluna
9%
volley-ball pallavolo
9%
magazine rivista
9%
tendresse tenerezza
9%
baignoire vasca da bagno
9%
aucun, sans alcuno
8%
aspirateur aspirapolvere
8%
pois chiches ceci
8%
fée fata
8%
brebis pecora
8%
pelouse prato
8%
déshabiller spogliare
8%
toucher (le) tatto
8%
église chiusa
7%
tongs flip-flop
7%
blouson giubbotto
7%
envieux invidioso
7%
culotte mutandina
7%
pinceau pennello
7%
regret rimpianto
7%
rideaux tende
7%
costume abito
6%
poterie ceramica
6%
concombre cetriolo
6%
contrefaçon contraffazione
6%
désespoir disperazione
6%
bande dessinée fumetto
6%
littéraire letterario
6%
lézard lucertola
6%
potager orto
6%
facteur postino
6%
sagesse saggezza
6%
grenier soffitta
6%
escarpins stiletto
6%
empoisonnement avvelenamento
5%
plusieurs diverso
5%
évier lavello
5%
hérisson riccio
5%
escrime scherma
5%
esclavage schiavitù
5%
siège sedile
5%
à l’envers al rovescio
4%
escalade arrampicata
4%
débardeur canottiera
4%
fredonner canticchiare
4%
aveugle cieco
4%
sanglier cinghiale
4%
alliance (une bague) fede
4%
inconnu ignoto
4%
boucher (un) macellaio
4%
malédiction malédiction
4%
ranger ordinare
4%
bénéfice profitto
4%
losange rombo
4%
sorcellerie stregoneria
4%
temps temps
4%
trompette tromba
4%
Vikings Vichinghi
4%
peignoir accappatoio
3%
bûcheron boscaiolo
3%
bois bosco, legno
3%
venir denire
3%
tablier grembiule
3%
accusé imputato
3%
chemin percorso
3%
devis preventivo
3%
chantage ricatto
3%
ouïe, audition udito
3%
éblouissant abbagliante
2%
serviette hygiénique assorbente igienico
2%
poubelle bidone della spazzatura
2%
chevreuil capriolo
1%
boîte aux lettres cassetta postale
1%
buisson cespuglio
1%
lâcheté codardia
1%
uniforme divisa
1%
équipement equipaggiamento
1%
randonnée escursionismo
1%
haricots verts fagiolini verdi
1%
sous-vêtement indumento intimo
1%
énervé irritato
1%
chaussons pantofole
1%
recrutement selezione
1%
toilettes servizi igienici
1%
brosse à dents spazzolino da denti
1%
soute vano bagagli
1%
caleçon calzoncino
0%
civilisations anciennes civiltà più antiche
0%
composteur compostiera
0%
cuillère cucchiara
0%
couture cucitura
0%
renifler fiutare
0%
malentendant ipoudente
0%
tricoter lavorare a maglia
0%
éboueur netturbino
0%
string perizoma
0%
poulain puledro
0%
Aucun quiz correspondant
Distribution des résultats
% des personnes avec chaque résultat
Percentile par nombre de réponses
Votre historique - résultats
Vous n’avez pas pris ce quiz